Catálogo
 En Linea

Evaluación de la política de industrialización de la República Dominicana / (Registro nro. 2555)

Detalles MARC
000 -CABECERA
campo de control de longitud fija 02134nam a2200325 a 4500
001 - NÚMERO DE CONTROL
campo de control 000002720
003 - IDENTIFICADOR DEL NÚMERO DE CONTROL
campo de control OSt
005 - FECHA Y HORA DE LA ÚLTIMA TRANSACCIÓN
campo de control 20240229073953.0
007 - CAMPO FIJO DE DESCRIPCIÓN FÍSICA--INFORMACIÓN GENERAL
campo de control de longitud fija ta
008 - DATOS DE LONGITUD FIJA--INFORMACIÓN GENERAL
campo de control de longitud fija 090703e1973 dr er 001 0dspa d
040 ## - FUENTE DE LA CATALOGACIÓN
Centro catalogador/agencia de origen DO-SdBNP
Lengua de catalogación spa
Centro/agencia transcriptor BNPHU
082 ## - NÚMERO DE LA CLASIFICACIÓN DECIMAL DEWEY
Número de clasificación BNPHU -338.097293
Número de documento/Ítem V422e
100 1# - ENTRADA PRINCIPAL--NOMBRE DE PERSONA
Nombre de persona Vega, Bernardo,
Fechas asociadas al nombre 1938 -
9 (RLIN) 3222
245 10 - MENCIÓN DE TÍTULO
Título Evaluación de la política de industrialización de la República Dominicana /
Mención de responsabilidad, etc. Bernardo Vega.
260 ## - PUBLICACIÓN, DISTRIBUCIÓN, ETC.
Lugar de publicación, distribución, etc. Santo Domingo :
Nombre del editor, distribuidor, etc. [s.n.]
Fecha de publicación, distribución, etc. 1973.
300 ## - DESCRIPCIÓN FÍSICA
Extensión 221 p ;
Dimensiones 22 cm.
504 ## - NOTA DE BIBLIOGRAFÍA, ETC.
Nota de bibliografía, etc. Bibliografía : p. 101-112
505 1# - NOTA DE CONTENIDO CON FORMATO
Nota de contenido con formato Antecedentes, resumen y conclusiones.
505 1# - NOTA DE CONTENIDO CON FORMATO
Nota de contenido con formato Capítulo I - introducción.
505 1# - NOTA DE CONTENIDO CON FORMATO
Nota de contenido con formato Capítulo II - 1- La ley No. 299 sobre incentivos y protección industrial. 2- la ley no. 295 sobre devolución de impuestos cuando se realizan exportaciones. 3- las leyes sobre zonas francas.
505 1# - NOTA DE CONTENIDO CON FORMATO
Nota de contenido con formato Capítulo III : IV- La política de integración económica y de comercio exterior.<br/> V- la política de tasa de cambio del país.<br/> VI- el arancel de importación y exportación.<br/> VII- controles comisarios.<br/> VIII- la política Nacional sobre el papel de la inversión extranjera es el país.<br/> IX- el papel d la inversión pública en el proceso nacional de industrialización.<br/> X- la política normativa y de créditos industriales del país.<br/> XI- la orientación de la inversión pública por sectores y prioridades.<br/> XII- zonas industriales, zonificación y contaminación ambiental.<br/>
505 1# - NOTA DE CONTENIDO CON FORMATO
Nota de contenido con formato Cuadros : 1- criterios socio-económicos utilizados en varios mecanismos de evaluación.<br/>2- empresas que han obtenido clasificación "a".<br/>3- empresas que han obtenido clasificación "c".
505 1# - NOTA DE CONTENIDO CON FORMATO
Nota de contenido con formato Cuadros.<br/>anexos.
590 ## - NOTA LOCAL (RLIN)
Nota local Inventariado, 2018/LP
650 #4 - PUNTO DE ACCESO ADICIONAL DE MATERIA--TÉRMINO DE MATERIA
Término de materia o nombre geográfico como elemento de entrada Política de industrialización
9 (RLIN) 8579
651 #4 - PUNTO DE ACCESO ADICIONAL DE MATERIA--NOMBRE GEOGRÁFICO
Nombre geográfico República Dominicana
Subdivisión general Industria
9 (RLIN) 8578
710 0# - PUNTO DE ACCESO ADICIONAL--NOMBRE DE ENTIDAD CORPORATIVA
Nombre de entidad corporativa o nombre de jurisdicción como elemento de entrada Consejo Estatal del Azúcar (CEA)
9 (RLIN) 8580
910 ## - DATOS DE OPCIÓN DEL USUARIO (OCLC)
Datos de opción del usuario Validado. Control de calidad MMOLINA
942 ## - ELEMENTOS DE PUNTO DE ACCESO ADICIONAL (KOHA)
Fuente del sistema de clasificación o colocación Dewey Decimal Classification
Tipo de ítem Koha Manuscrito
Existencias
Estado de retiro Estado de pérdida No para préstamo Código de colección Localización permanente Ubicación/localización actual Ubicación en estantería Fecha de adquisición Fuente de adquisición Número de inventario Total de préstamos Signatura topográfica completa Código de barras Fecha visto por última vez Precio válido a partir de Tipo de ítem Koha Fuente del sistema de clasificación o colocación Restricciones de uso Número de copia
    Excluido de préstamo Patrimonio Dominicano Patrimonio Dominicano Patrimonio Dominicano Depósito 03.07.2009 026468 LF1   338.097293 V422e 2720-10 25.06.2020 25.06.2020 Libro y Folleto Colección Patrimonio Dominicano      
    Préstamo restrigido   Biblioteca Nacional Pedro Henríquez Ureña Patrimonio Dominicano Depósito 07.01.2020 Donado por Luis Tomás Oviedo     BNPHU -338.097293 V422e 2021-0120 26.01.2021 26.01.2021 Manuscrito Dewey Decimal Classification Préstamo restringido e.2

Con tecnología Koha